Dynamika denního osvětlení : principy návrhů, realizace /

Uložené v:
Podrobná bibliografia
Hlavný autor: Köster, Helmut
Ďalší autori: Mohelníková, Jitka (Translator)
Médium: Kniha
Jazyk:Czech
English
Vydané: Praha : Grada, 2010.
Vydanie:1. vyd.
Edícia:Stavitel
Témy:
ISBN: 9788024730493 (brož.)
Fyzický popis: 319 s. : fotogr., il. ; 24 cm.
Tagy: Pridať tag
Žiadne tagy, Buďte prvý kto otaguje tento záznam!

MARC

LEADER 00000nam a2200000 a 4500
001 000361237
005 20100923094059.0
008 100304s2010 xr ao e f 001 0 cze d
015 |a cnb002088481 
020 |a 9788024730493 (brož.) 
040 |a SVKKK  |b slo  |c SVKKK  |e AACR2 
041 1 |a cze  |h eng 
044 |a xr  |c CZ 
072 7 |a 628  |x Sanitárna technika. Vodárenstvo. Odpadové hospodárstvo. Svetelná technika  |2 konspekt 
080 |a 628.92  |2 2001 
080 |a 628.9  |2 2001 
080 |a 692.83  |2 2001 
080 |a (035)  |2 2001 
100 1 |a Köster, Helmut 
240 1 0 |a Dynamic daylighting architecture.  |l Česky 
245 1 0 |a Dynamika denního osvětlení :  |b principy návrhů, realizace /  |c Helmut Köster ; [překlad a odborná korektura Jitka Mohelníková]. 
250 |a 1. vyd. 
260 |a Praha :  |b Grada,  |c 2010. 
300 |a 319 s. :  |b fotogr., il. ;  |c 24 cm. 
490 1 |a Stavitel 
500 |a Preklad z angl. orig. 
500 |a Údaj o prekl. prevzatý z rubu titul. strany 
504 |a Bibliografia: s. 316-317; register: s. 319 
650 0 7 |a osvetlenie denným svetlom  |2 SVKKKPH 
650 0 7 |a svetelná technika  |2 SVKKKPH 
650 0 7 |a tieniaca technika  |2 SVKKKPH 
655 7 |a príručky  |2 SVKKKPH 
700 1 |a Mohelníková, Jitka  |4 trl 
765 0 |t Dynamic daylighting architecture. Česky  |a Köster, Helmut 
830 0 |a Stavitel 
910 |a svkkk 
919 |a 978-80-247-3049-3 
998 |a BK 
090 |g SCKHL  |k Sklad Pribinova prízemie  |a IV.208947  |j 1019244  |i 2720180454  |s Absenčne